| 000 | 00596nam a2200229Ia 4500 | ||
|---|---|---|---|
| 003 | OSt | ||
| 005 | 20221007071638.0 | ||
| 006 | a|||||r|||| 00| 0 | ||
| 007 | ta | ||
| 008 | 221006b |||||||| |||| 00| 0 eng d | ||
| 024 | _a6,244 | ||
| 037 | _cTextual | ||
| 040 |
_aFLL _cFLL _beng |
||
| 041 |
_2eng _aeng |
||
| 082 | _aZQ2, K8 | ||
| 100 |
_aDerrett J.D.M. _973880 |
||
| 245 | 0 | _aReligion, law and the state in India | |
| 260 |
_aLondon _bFaber and Faber London _c1968 |
||
| 300 |
_a615p _ccm. |
||
| 942 |
_hZQ2, K8 _cTEXL _2CC |
||
| 999 |
_c1143886 _d1143886 |
||